Brilliant LED projects : 20 electronic designs for artists, hobbyists, and experimenters (Record no. 71416)
[ view plain ]
| 000 -LEADER | |
|---|---|
| fixed length control field | 00830cam a2200229 a 4500 |
| 001 - CONTROL NUMBER | |
| control field | 17240250 |
| 003 - CONTROL NUMBER IDENTIFIER | |
| control field | NUST - PNEC |
| 005 - DATE AND TIME OF LATEST TRANSACTION | |
| control field | 20170116181200.0 |
| 008 - FIXED-LENGTH DATA ELEMENTS--GENERAL INFORMATION | |
| fixed length control field | 120403s2012 nyua 001 0 eng |
| 010 ## - LIBRARY OF CONGRESS CONTROL NUMBER | |
| LC control number | 2012007124 |
| 020 ## - INTERNATIONAL STANDARD BOOK NUMBER | |
| International Standard Book Number | 9780071778220 |
| 020 ## - INTERNATIONAL STANDARD BOOK NUMBER | |
| International Standard Book Number | 0071778225 |
| 040 ## - CATALOGING SOURCE | |
| Transcribing agency | LIBRARY |
| 082 00 - DEWEY DECIMAL CLASSIFICATION NUMBER | |
| Classification number | 621.3815 DOS |
| 100 1# - MAIN ENTRY--PERSONAL NAME | |
| Personal name | Dossis, Nick. |
| 245 10 - TITLE STATEMENT | |
| Title | Brilliant LED projects : 20 electronic designs for artists, hobbyists, and experimenters |
| Statement of responsibility, etc. | Nick Dossis |
| 260 ## - PUBLICATION, DISTRIBUTION, ETC. | |
| Place of publication, distribution, etc. | New York : |
| Name of publisher, distributor, etc. | McGraw-Hill, |
| Date of publication, distribution, etc. | c2012. |
| 300 ## - PHYSICAL DESCRIPTION | |
| Extent | xiv, 258 p. : |
| Other physical details | ill. ; |
| Dimensions | 28 cm. |
| 650 #0 - SUBJECT ADDED ENTRY--TOPICAL TERM | |
| Topical term or geographic name entry element | Electronic apparatus and appliances |
| General subdivision | Design and construction |
| 856 42 - ELECTRONIC LOCATION AND ACCESS | |
| Uniform Resource Identifier | <a href="http://www.amazon.com/Brilliant-LED-Projects-Electronic-Experimenters/dp/0071778225/ref=sr_1_1?ie=UTF8&qid=1454996873&sr=8-1&keywords=9780071778220">http://www.amazon.com/Brilliant-LED-Projects-Electronic-Experimenters/dp/0071778225/ref=sr_1_1?ie=UTF8&qid=1454996873&sr=8-1&keywords=9780071778220</a> |
| 942 ## - ADDED ENTRY ELEMENTS (KOHA) | |
| Source of classification or shelving scheme | |
| Koha item type | Book |
| Withdrawn status | Lost status | Source of classification or shelving scheme | Damaged status | Not for loan | Permanent Location | Current Location | Shelving location | Date acquired | Source of acquisition | Cost, normal purchase price | Total Checkouts | Full call number | Barcode | Date last seen | Date last checked out | Cost, replacement price | Price effective from | Koha item type |
|---|---|---|---|---|---|---|---|---|---|---|---|---|---|---|---|---|---|---|
| Pakistan Navy Engineering College (PNEC) | Pakistan Navy Engineering College (PNEC) | 12/15/2004 | Reference Grant / College Books Supplier | 2468.40 | 4 | 621.3815 DOS | PNECLIB-032425 | 11/25/2016 | 11/25/2016 | 2468.40 | 12/15/2004 | Book |
